000 00263nam a2200097Ia 4500
008 170619s9999 xx 000 0 und d
100 _aPEEBALS-JR.- PEYTON Z
245 0 _aPROBABILITY- RANDOM VARIABLES AND RANDOM SIGNAL PRINCI.
260 _bMc Graw Hill
260 _c2010
546 _aENGLISH
999 _c19180
_d19180